|
|
|
|
| LEADER |
00000naa2a2200000 4500 |
| 001 |
330115 |
| 005 |
20260202143147.0 |
| 035 |
|
|
|a (RuTPU)RU\TPU\book\355888
|
| 035 |
|
|
|a RU\TPU\book\355887
|
| 090 |
|
|
|a 330115
|
| 100 |
|
|
|a 20170328d2011 k y0rusy50 ca
|
| 101 |
0 |
|
|a rus
|
| 102 |
|
|
|a RU
|
| 200 |
1 |
|
|a Исследование ЛОВ 8-мм диапазона длин волн с механической перестройкой частоты излучения
|f Р. В. Цыганков [и др.]
|
| 225 |
1 |
|
|a СВЧ и полупроводниковая электроника
|
| 320 |
|
|
|a Библиогр.: с. 157 (6 назв.)
|
| 463 |
|
0 |
|0 (RuTPU)RU\TPU\book\250429
|t Информационно-измерительная техника и технологии
|o материалы II Научно-практической конференции, Томск, 5-7 мая 2011 г.
|f Национальный исследовательский Томский политехнический университет (ТПУ); под ред. А. В. Юрченко
|v С. 156-157
|d 2011
|
| 610 |
1 |
|
|a труды учёных ТПУ
|
| 610 |
1 |
|
|a СВЧ-электроника
|
| 610 |
1 |
|
|a частоты
|
| 610 |
1 |
|
|a излучение
|
| 610 |
1 |
|
|a перестройка
|
| 610 |
1 |
|
|a ЛОВ
|
| 610 |
1 |
|
|a волны
|
| 701 |
|
1 |
|a Цыганков
|b Р. В.
|
| 701 |
|
1 |
|a Тотьменинов
|b Е. М.
|
| 701 |
|
1 |
|a Климов
|b А. И.
|c специалист в области электроники
|c доцент Томского политехнического университета, кандидат физико-математических наук
|f 1955-
|g Алексей Иванович
|3 (RuTPU)RU\TPU\pers\31691
|
| 701 |
|
1 |
|a Комаров
|b А. Е.
|
| 701 |
|
1 |
|a Кицанов
|b С. А.
|
| 701 |
|
1 |
|a Сухов
|b М. Ю.
|
| 801 |
|
1 |
|a RU
|b 63413507
|c 20141001
|
| 801 |
|
2 |
|a RU
|b 63413507
|c 20170328
|g RCR
|
| 942 |
|
|
|c BK
|